लोड हो रहा है...

basheer grantasoochi /

ग्रंथसूची विवरण
भाषा:Undetermined
LEADER 00297nam a2200097Ia 4500
001 153681
008 170722s9999 xx 000 0 und d
245 |a basheer grantasoochi / 
942 |c GEN 
999 |c 165999  |d 165999 
952 |0 0  |1 0  |4 0  |7 0  |9 230641  |a LIB  |b LIB  |d 2017-08-12  |l 2  |p G32398  |r 2019-07-24  |s 2019-06-22  |w 2017-08-12  |y GEN